| 000 | 01078nam0a22003011 4500 | ||
|---|---|---|---|
| 001 | RU\INFOCOMM_322\NLR\5000168431 | ||
| 005 | 20250613110410.0 | ||
| 035 | _a(NLR Aleph) 009560470 | ||
| 090 |
_a9065456 _c9065456 |
||
| 100 | _a20130211d1971 |||y0rusy50 ca | ||
| 101 | 0 | _afre | |
| 102 | _aRU | ||
| 105 | _ay z ||||| | ||
| 200 | 1 |
_aSécurité sociale _fLidia Lykova, vice-présidente du Conseil des Ministres de la R. S. F. S. R. |
|
| 210 |
_aM. _cÉd. de l'Agence de presse "Novosti" _d[1971] |
||
| 215 |
_a133 с. _cил. _d16 см |
||
| 225 | 1 | _aURSS hier, aujourd'hui, demain | |
| 300 | _aНа обл. авт. не указан | ||
| 300 | _aВ вып. дан.: Л. Лыкова. Социальное обеспечение в СССР | ||
| 606 | 0 |
_aСоциальное обеспечение _yСССР _9945359 _3RU\NLR\AUTH\66350423 |
|
| 620 | _aМосква | ||
| 686 |
_aП5-535 _2rubbk |
||
| 700 | 1 |
_aLykova _bL. P. _gLidija Pavlovna |
|
| 801 | 1 |
_aRU _bInfocomm _c20130211 |
|
| 801 | 0 |
_aRU _bINFOCOMM _gPSBO |
|
| 852 |
_aNLR _jП61 Д-1/3 |
||
| 942 | _cBOOK | ||
| 980 | _aNB | ||